| 000 | 01022nam2a2200253 4500 | ||
|---|---|---|---|
| 001 | RU\NLR\bibl\1709720 | ||
| 005 | 20250616064502.0 | ||
| 010 |
_a978-5-699-44688-9 _96100 |
||
| 021 |
_aRU _b2010-87238 _9645д/2010 |
||
| 035 | _a(NLR Aleph) 001700758 | ||
| 090 |
_a1218859 _c1218859 |
||
| 100 | _a20101206d2010 |||y0rusy50 ca | ||
| 101 | 1 |
_arus _ceng |
|
| 102 | _aRU | ||
| 105 | _aa ||||||||| | ||
| 200 | 1 | _aМорские чудовища и другие деликатесы | |
| 210 |
_d2010 _aБ. м. |
||
| 215 |
_a186, [1] c. _cил. |
||
| 461 | 0 |
_1001RU\NLR\bibl\1805480 _12001#$aЗдесь водятся чудовища$vКн. 2 _91782335 _aБратья Звероватые (псевдоним) _cМосква _d2010 _fБратья Звероватые _nЭксмо _o[роман : для среднего школьного возраста] _tЗдесь водятся чудовища _vКн. 2 |
|
| 801 | 0 |
_aRU _bNLR _c20101206 _gRCR |
|
| 801 | 1 |
_aRU _bNLR _c20101206 |
|
| 942 | _cBOOK | ||
| 980 | _aNB | ||